| 000 | 01995cam a22001934a 4500 | ||
|---|---|---|---|
| 005 | 20250605164331.0 | ||
| 008 | 250528s ||||||||||||||||||||||||d | ||
| 035 | _a23222 | ||
| 020 | _a9786185012113 | ||
| 040 |
_aGR-AtMCL _bgre _dGR-AtMCL _eAACR2 |
||
| 245 | 1 | _aΓεωλογία / Αρχές και Εφαρμογές | |
| 260 |
_bLiberal Books, _c2014 |
||
| 300 | _a424 | ||
| 520 | _aΚύριος άξονας του συγγράματος είναι η ανάλυση των βασικών αρχών και μεθόδων της γεωλογίας με γνώμονα την εφαρμογή τους στην πράξη π.χ. εκμετάλλευση κοιτασμάτων και υδροφόρων οριζόντων, διάνοιξη δρόμων καθώς επίσης προστασία από καταστροφικά φαινόμενα όπως σεισμοί, ηφαιστειακες εκρήξεις και πλημμύρες. Πρόλογος, Εισαγωγή, Τα Υλικά της Γης, Τα Ορυκτά και ο Κύκλος των Πετρωμάτων, Πυριγενή Πετρώματα, Ιζηματογενή Πετρώματα, Μεταμορφωμένα Πετρώματα, Διεργασίες στην Επιφάνεια της Γης, Η Μέτρηση του Γεωλογικού Χρόνου, Αποσάρθρωση και Βαρυτικές Κινήσεις, Το Νερό στην Επιφάνεια της Γης και Κάτω από Αυτή, Παγετώνες και Άνεμοι, Διεργασίες στο Εσωτερικό της Γης, Τεκτονικές Δομές, Γεωλογικοί Χάρτες, Σεισμοί και Εσωτερικό της Γης, Λιθοσφαιρικές Πλάκες, Λιθοσφαιρικές Πλάκες στην Ελληνική Χερσόνησο, Ιστορία της Γεωλογίας. | ||
| 700 | 1 |
_aΔούτσος Θεόδωρος _98805 |
|
| 942 | _cBK | ||
| 999 |
_c8251 _d8251 |
||